| 000 | 01923cam a2200433 a 4500 | ||
|---|---|---|---|
| 001 | 15312653 | ||
| 005 | 20170105102845.0 | ||
| 008 | 080602s2008 nyuabf b 001 0deng | ||
| 010 | _a 2008023589 | ||
| 020 | _a9781596915329 | ||
| 020 | _a1596915323 | ||
| 040 |
_aDLC _cDLC _dDLC |
||
| 043 |
_an-us--- _anwcu--- |
||
| 050 | 0 | 0 |
_aE842.9 _b.R873 2008 |
| 082 | 0 | 0 |
_a973.922092 _222 |
| 100 | 1 | _aRusso, Gus. | |
| 245 | 1 | 0 |
_aBrothers in arms : _bthe Kennedys, the Castros, and the politics of murder / _cGus Russo and Stephen Molton. |
| 250 | _a1st U.S. ed. | ||
| 260 |
_aNew York : _bBloomsbury USA, _c2008. |
||
| 300 |
_axiii, 545 p., [16] p. of plates : _bill., map ; _c25 cm. |
||
| 504 | _aIncludes bibliographical references (p. [513]-520) and index. | ||
| 600 | 1 | 0 |
_aKennedy, John F. _q(John Fitzgerald), _d1917-1963 _xAssassination. |
| 600 | 1 | 0 |
_aKennedy, Robert F., _d1925-1968 _xAssassination. |
| 600 | 1 | 0 |
_aKennedy, John F. _q(John Fitzgerald), _d1917-1963. |
| 600 | 1 | 0 |
_aKennedy, Robert F., _d1925-1968. |
| 600 | 1 | 0 |
_aCastro, Fidel, _d1926- |
| 600 | 1 | 0 |
_aCastro Ruz, Raúl, _d1930- |
| 650 | 0 |
_aAssassination _xPolitical aspects _zUnited States _xHistory _y20th century. |
|
| 650 | 0 |
_aAssassination _xPolitical aspects _zCuba _xHistory _y20th century. |
|
| 651 | 0 |
_aUnited States _xForeign relations _zCuba. |
|
| 651 | 0 |
_aCuba _xForeign relations _zUnited States. |
|
| 700 | 1 | _aMolton, Stephen. | |
| 856 | 4 | 1 |
_3Table of contents only _uhttp://www.loc.gov/catdir/toc/ecip0820/2008023589.html |
| 856 | 4 | 2 |
_3Contributor biographical information _uhttp://www.loc.gov/catdir/enhancements/fy0906/2008023589-b.html |
| 856 | 4 | 2 |
_3Publisher description _uhttp://www.loc.gov/catdir/enhancements/fy0906/2008023589-d.html |
| 906 |
_a7 _bcbc _corignew _d1 _eecip _f20 _gy-gencatlg |
||
| 942 |
_2ddc _cBK |
||
| 999 |
_c14029 _d14029 |
||